LIBRARY & INFORMATION CENTRE, KCAET, TAVANUR

ONLINE PUBLIC ACCESS CATALOGUE (OPAC)

Engineering problem solving- a classical perspective (Record no. 13847)

MARC details
000 -LEADER
fixed length control field 00306nam a22001217a 4500
020 ## - INTERNATIONAL STANDARD BOOK NUMBER
ISBN 9788124205334
082 ## - DEWEY DECIMAL CLASSIFICATION NUMBER
Classification number 620 SHA/EN
100 ## - MAIN ENTRY--AUTHOR NAME
Personal name Shaw Milton C
245 ## - TITLE STATEMENT
Title Engineering problem solving- a classical perspective
260 ## - PUBLICATION, DISTRIBUTION, ETC. (IMPRINT)
Place of publication New Delhi
Name of publisher Crest Publishing House
Year of publication 2004
300 ## - PHYSICAL DESCRIPTION
Number of Pages 472
942 ## - ADDED ENTRY ELEMENTS (KOHA)
Koha item type Books
Holdings
Withdrawn status Lost status Damaged status Collection code Home library Current library Shelving location Date acquired Source of acquisition Cost, normal purchase price Full call number Accession Number Koha item type
      Reference KAUAET KAUAET Reference 31/03/2012 Southern Book Star, Thiruvananthapuram 1395.00 620 SHA/EN 23380 Books
free website counter